[Event "YUG-ch53"]
[Site "Belgrade "]
[Date "1998.03.15"]
[Round "2"]
[White "Damljanovic, Branko"]
[Black "Markovic, Miroslav"]
[Result "1/2-1/2"]
[WhiteElo "2540"]
[BlackElo "2540"]
[Annotator "Huzman,A"]
[PlyCount "111"]
[EventDate "1998.03.14"]
[EventType "tourn"]
[EventRounds "15"]
[EventCountry "YUG"]
[EventCategory "10"]
[SourceTitle "CBM 064"]
[Source "ChessBase"]
[SourceDate "1998.06.02"]
[SourceVersion "1"]
[SourceVersionDate "1998.06.02"]
[SourceQuality "1"]

1. Nf3 Nf6 2. c4 g6 3. d4 Bg7 4. g3 O-O 5. Bg2 d6 6. O-O Nc6 7. Nc3 Bg4 8. d5
Na5 9. Nd2 c5 10. Qc2 a6 11. h3 Bd7 12. b3 b5 13. Bb2 Rb8 14. Nd1 e5 (14...
bxc4 15. bxc4 e5 16. e4 Bh6 17. Ne3 Bxe3 18. fxe3 Nh5 19. g4 Ng7 20. Bc3 h5
$132 {Yanofsky,D-Kraidman,Y/Netanya-A 1973/0-1 (78)}) 15. e3 (15. Kh2 Nh5 16.
e3 f5 17. f4 e4 18. Bxg7 Nxg7 19. Nf2 Qf6 20. g4 h6 (20... bxc4 $5) 21. Rab1
$11 {Wojtkiewicz,A-Cabrilo,G/New York op 1990/1/2-1/2 (58)}) 15... Nh5 $5 16.
g4 Nf6 17. Bc3 Ne8 {[%cal Yf7f5]} 18. f4 f5 19. gxf5 (19. g5 $11) 19... gxf5
20. fxe5 $6 (20. Nf2 e4 $11) 20... dxe5 21. cxb5 (21. Nf3 Qc7 (21... bxc4 22.
Nxe5 cxb3 23. axb3 Nxb3 24. Ra3 $44) 22. cxb5 axb5 (22... Bxb5 23. Rf2 {
[%cal Gf3g5,Gg5e6,Gf3h4,Gh4f5]}) 23. Bxa5 Qxa5 24. Qxc5 e4 25. Nd4 Rc8 26. Qe7
Rf7 27. Qg5 Qa8 $17) 21... axb5 22. Nf2 (22. a3 Nb7 $15) 22... b4 23. Bb2 Bb5
24. Rfe1 (24. Nc4 $2 Bxc4 25. bxc4 Nd6 $19) 24... Rc8 {[%cal Yc5c4]} 25. Nd3 $2
(25. a3 $142 c4 $140 26. bxc4 Nxc4 27. Nxc4 Rxc4 28. Qb3 {[%cal Gb3b5]}) 25...
Bxd3 26. Qxd3 e4 $17 27. Qc2 Qxd5 28. Rad1 Qf7 29. Kh1 Bxb2 (29... c4 $5) 30.
Qxb2 Qf6 31. Qxf6 Rxf6 32. Bf1 Nd6 33. Rc1 {The white try to organize defence.}
Kg7 34. Rc2 {[%cal Ge1c1,Gc1c5]} Re6 {[%cal Ye6e5,Ye5c5,Yc8c5]} 35. Rec1 Re5
36. Be2 Kf6 37. Kh2 Rd5 38. Nf1 Ke5 39. Kg3 Nf7 40. Kf2 Ng5 41. h4 Ne6 42. Nd2
Rcd8 43. Nc4+ (43. Nf1 $5 f4 $140 $6 44. exf4+ Kxf4 45. Ne3 Rd2 $2 46. Rxc5 $1
Nxc5 47. Rxc5 $16) 43... Nxc4 44. Bxc4 Rd2+ 45. Ke1 Rxc2 46. Rxc2 Nd4 $1 (46...
Nf8 47. Bb5 Rc8 $15) 47. exd4+ cxd4 48. Bf1 {[%cal Gc2c5,Gf1h3,Gc5f5,Gh3f5]} d3
49. Rc5+ Rd5 (49... Kf4 50. Bh3) 50. Rc4 (50. Rxd5+ Kxd5 51. Bh3 f4 $19) 50...
Ra5 $2 (50... e3 {[%cal Yf5f3]} 51. Bxd3 (51. Rxb4 f4 52. Rb7 f3) 51... Rxd3 $1
52. Ke2 Rc3 53. Rxb4 f4 54. Kf3 $11) (50... f4 $1 51. Rxb4 e3 $17) 51. Bxd3 $1
exd3 52. Kd2 $11 Rxa2+ 53. Kxd3 Rh2 54. Rxb4 Rh3+ 55. Ke2 f4 56. Rb8 1/2-1/2

[Event "GER-ch 70th"]
[Site "Bremen"]
[Date "1998.11.07"]
[Round "2"]
[White "Jussupow, Artur"]
[Black "Kindermann, Stefan"]
[Result "1-0"]
[WhiteElo "2640"]
[BlackElo "2540"]
[Annotator "Stohl,I"]
[PlyCount "82"]
[EventDate "1998.11.06"]
[EventType "swiss"]
[EventRounds "9"]
[EventCountry "GER"]
[SourceTitle "CBM 068"]
[Source "ChessBase"]
[SourceDate "1999.02.01"]
[SourceVersion "1"]
[SourceVersionDate "1999.02.01"]
[SourceQuality "1"]

1. d4 {Ftacnik} Nf6 2. c4 g6 3. Nf3 Bg7 4. g3 O-O 5. Bg2 d6 6. O-O Nc6 7. Nc3
a6 8. d5 Na5 9. Nd2 c5 10. Rb1 Rb8 11. b3 b5 12. Bb2 {Not very usual nowadays.}
({Rogozenko's pet line} 12. Qc2 e5 13. cxb5 $5 axb5 14. b4 {is a more popular
choice, if White wants to avoid the long main lines with 10.Qc2, 11.b3 and 12.
Bb2.}) 12... e5 13. dxe6 {Although this move is White's usual choice,it can
hardly bring anything tangible.} ({Strategically more interesting is} 13. Ba1
$5 Bh6 (13... Bd7 14. Qc2 Qc7 15. e4 bxc4 16. bxc4 Bh6 17. Rxb8 Rxb8 18. f4
exf4 19. gxf4 Nh5 20. Ne2 Bg4 21. Bf3 Bxf3 22. Rxf3 Re8 23. Qa4 Kf8 24. Bc3 $16
{Danailov,S-Peev,P/Sofia/1985/}) 14. e3 Bf5 15. Rc1 bxc4 16. bxc4 Bd3 17. Ne2
Qd7 18. Rc3 Bxe2 19. Qxe2 Qa4 20. Qd3 Qd7 21. Ra3 Qc7 22. f4 Nd7 23. Ne4 f5 24.
Nxd6 Bg7 25. Bc3 Qxd6 26. Rxa5 e4 27. Qc2 Bxc3 28. Qxc3 Rb4 $44 {ץg2,Voiska,
M-Makropoulou,M/Athens/1990/}) (13. e4 Nh5 14. Qc2 Bh6 15. Ne2 Bg4 (15... bxc4
$142 $1 $15) 16. f3 Bd7 17. Bc3 Be3+ 18. Kh1 f5 19. f4 exf4 20. Nxf4 Nxf4 21.
gxf4 b4 22. Ba1 fxe4 23. Bxe4 Bf5 24. Rbe1 $36 {Saleh,N-Gunawan,R/Asia-chT/
1987/}) 13... fxe6 ({A promising alternative is} 13... Bxe6 $142 $5 14. cxb5
axb5 15. Nde4 Ne8 $5 (15... Rb6 16. Nxf6+ Bxf6 17. Qd2 b4 18. Nd5 Bxd5 19. Bxd5
Nc6 20. Rfd1 Kg7 21. Bg2 Na7 22. a4 bxa3 23. Bxf6+ Qxf6 24. Qa5 Nc8 25. Qxa3
Ne7 26. Rd3 $11 {1/2,Kharitonov,A-David,A/Cappelle la Grande/1996/}) (15... Bf5
$143 $6 16. Nxf6+ Bxf6 17. Nd5 Be5 18. f4 Bg7 19. e4 Be6 20. Bxg7 Kxg7 21. f5
Bxd5 22. f6+ Kh8 23. Qxd5 Nb7 24. Rf4 Qe8 25. Qg5 Qe5 26. Qh6 Rg8 27. Rh4 {
1-0,Splosnov-Sekanina/Karvina/1998/}) 16. Nd5 Nc6 17. Bxg7 Kxg7 18. Qd2 (18. e3
$142 Ne7 19. Nec3 Nc7 $11) 18... Bxd5 19. Qxd5 Nd4 20. Rb2 $2 f5 {ףd5} 21. e3
fxe4 22. exd4 Nf6 23. Qg5 cxd4 24. Rd1 d3 25. Rc1 Rc8 26. Rbb1 Qb6 27. Rxc8
Rxc8 28. Bxe4 Qxf2+ $1 {0-1,Kirov,N-Vladimirov,E/Cienfuegos/1986/}) 14. Nde4 $5
$146 {[%mdl 520] An interesting pawn sacrifice, which gives White chances to
fight for the advantage.} ({Innocuous is} 14. cxb5 axb5 (14... d5 $143 15. Na4
Rxb5 16. Rc1 Nb7 17. Ba3 Qa5 18. Qc2 Bd7 19. e4 Rc8 20. Bb2 d4 21. Nc4 Qc7 22.
Rce1 Na5 23. Bh3 Nc6 24. Ba3 Bf8 25. Nab2 Nb4 26. Qb1 Rcb8 27. Nd3 Nc6 28. Bc1
$16 {Hofmann,M-Phildius,B/BL2-S/1991/}) 15. Nde4 Rb6 (15... b4 16. Nxf6+ Bxf6
17. Ne4 Bxb2 18. Rxb2 Nb7 19. Rc2 Qe7 20. Nd2 Bd7 21. Nc4 d5 22. Ne5 Bb5 23.
Bf3 Rbd8 24. Qc1 Qg7 25. Ng4 e5 $13 {1/2,Paust,W-Andersson,B/Stockholm/1987/})
(15... Ne8 $2 16. Nxc5 Qc7 17. Nd3 Bxc3 18. Rc1 b4 19. Nxb4 Rxb4 20. Bxc3 Rb8
21. Qd4 Nf6 22. Qa4 $16 {Matnadze,A-Gara,A/Cannes/1997/}) 16. Qd2 (16. b4 cxb4
17. Nxf6+ Bxf6 18. Ne4 Bxb2 19. Rxb2 d5 20. Nc5 Qd6 21. Nd3 Nc4 22. Rb3 d4 23.
Rxb4 Bb7 $11 {Helmers,K-Byrne,R/Reykjavik/1982/}) 16... Nb7 17. Nxf6+ Bxf6 18.
e4 Qe7 19. Ne2 Bxb2 20. Rxb2 b4 21. Qe3 Ra6 22. Rd1 Ra3 23. Rc2 Bd7 24. Nc1
Rfa8 $132 {Kiseleva,N-Safranska,A/Romania/1994/}) 14... bxc4 {'?' Ftacnik.} ({
Perhaps Black could have declined the sacrificed pawn by} 14... Rb6 $5 15. Qd2
Bb7 (15... bxc4 16. Nxf6+ Bxf6 17. Nd5 $1 Bxb2 18. Qxa5 exd5 19. Bxd5+ Kh8 20.
Rxb2 $14 {׻}) 16. Nxf6+ Bxf6 17. Ne4 Bxb2 18. Rxb2 Bxe4 19. Bxe4 Nc6 $132) (
14... b4 $143 15. Nxf6+ Bxf6 16. Ne4 $14 (16. Ne4 {Ftacnik} Bxb2 17. Rxb2 Rb6
18. Rd2 Nb7 19. f4 $14)) (14... Nxe4 $1 {Ftacnik} 15. Nxe4 Bxb2 16. Rxb2 bxc4
17. Nxd6 (17. Qxd6 Qxd6 18. Nxd6 cxb3 19. axb3 Rb6 20. Rd1 Rd8 21. Rbd2 Nxb3
22. Nxc8 Rxc8 $17) 17... Qb6 18. e4 (18. Bh3 cxb3 19. axb3 Rd8 20. Rd2 Nxb3 21.
Nxc8 Rxd2 22. Nxb6 Rxd1 23. Rxd1 Rxb6 $17) 18... Rd8 19. e5 cxb3 20. axb3 $13)
15. Nxd6 cxb3 16. axb3 Rxb3 (16... Nxb3 $6 17. Ba3 $36 {/\Bc5!,Nc8,Rb3} (17.
Ba3 {Ftacnik} Qd7 (17... Rb6 $2 18. Nxc8 Qxd1 19. Ne7+ Kf7 20. Rfxd1 Kxe7 21.
Na4 $18) 18. Bxc5 Qc7 19. Rxb3 Rxb3 20. Qxb3 Qxc5 21. Nxc8 Qxc8 22. Bb7 $16))
17. Na4 $44 {'!' Ftacnik. Black's pawns make a sorry sight, White has at least
sufficient compensation.} Qc7 $2 {An oversight, after which White gets his
material back and even insreases his positional advanatage.} (17... c4 $142 18.
Nc5 (18. Rc1 {Ftacnik} Bd7 19. Bxf6 Bxf6 20. Nc5 Rb4 21. Nxc4 Nxc4 22. Qxd7 $14
) 18... Rb6 (18... Rxb2 19. Rxb2 Ne4 20. Ncxe4 Bxb2 21. Qc2 $14) 19. Bxf6 (19.
Be5 $5 $36) 19... Rxb1 20. Qxb1 Bxf6 21. Nxc8 Qxc8 22. Qb6 Bd4 23. Qxe6+ Kh8
24. Qxc8 Rxc8 25. Nxa6 $14) 18. Rc1 Rd8 {The c5-pawn is indefensible.} (18...
c4 $6 19. Nxc4 $16) (18... Nd7 $2 19. Bxg7 Kxg7 20. Nxc5 $1 Nxc5 21. Qd4+ {
/\Rc5+-}) 19. Rxc5 $1 Qxd6 20. Qxd6 Rxd6 21. Rxc8+ {^^,><a6,e6,->ע White has
a technically won position, as Black will be unable to keep the material
balance for long.} Kf7 22. Be5 Rd2 $8 (22... Rd7 23. Nc5 $18) 23. Nc5 Rb5 24.
Rc7+ Kg8 25. Bh3 $1 $18 Rd8 $8 (25... h6 26. Bxe6+ Kh8 27. Rc8+ Kh7 28. Bxf6
Bxf6 29. Ne4 $18) 26. Rxg7+ ({Even simpler was} 26. Nxe6 $1 Rxe5 27. Rxg7+ (27.
Nxd8 $18) 27... Kh8 28. Rf7 $18) 26... Kxg7 27. Nxe6+ Kg8 $8 28. Bxf6 Rdb8 29.
Bc3 $138 (29. Nc7 $142 R5b6 30. Nd5 $18) 29... Nc6 30. Nd4 $6 Nxd4 31. Bxd4 Rb1
32. e3 Kf7 33. Bd7 a5 34. Bc6 Ke6 (34... Rxf1+ 35. Kxf1 Rb4 36. Bc3 $1 Rb1+ (
36... Rc4 $2 37. Bd5+) 37. Ke2 {/\Ba5+-}) 35. e4 a4 $5 36. Bd5+ (36. Bxa4 $2
Rxf1+ 37. Kxf1 Rb4 $11) 36... Kd6 37. Rxb1 Rxb1+ 38. Kg2 a3 39. Bg7 {Probably
due to time-trouble White slightly spoiled his position, but it still remains
won.} Rb8 $138 (39... Ke7 $142 40. f4 {/\f5-f6} Rd1 41. Bc3 $18) 40. Kf3 Kc5
41. Ke3 $18 Ra8 $4 (41... Ra8 42. Bxa8) 1-0

[Event "ROM-ch"]
[Site "Iasi"]
[Date "1999.12.23"]
[Round "11"]
[White "Istratescu, Andrei"]
[Black "Nevednichy, Vladislav"]
[Result "1-0"]
[WhiteElo "2570"]
[BlackElo "2537"]
[Annotator "Stohl,I"]
[PlyCount "115"]
[EventDate "1999.12.13"]
[EventType "tourn"]
[EventRounds "15"]
[EventCountry "ROU"]
[EventCategory "9"]
[SourceTitle "CBM 075"]
[Source "ChessBase"]
[SourceDate "2000.04.05"]
[SourceVersion "1"]
[SourceVersionDate "2000.04.05"]
[SourceQuality "1"]

1. Nf3 Nf6 2. c4 g6 3. Nc3 Bg7 4. g3 O-O 5. Bg2 d6 6. d4 Nc6 7. O-O a6 8. d5
Na5 9. Nd2 c5 10. Qc2 b5 $6 {A highly dubious gambit, and this is not the
first game to show it. Compared to the Volga gambit here Black will still have
his misplaced Na5, which he will at best manage to exchange. (as in the game.)}
({The normal move is} 10... Rb8 {and currently Black experiences little
trouble in this line.}) 11. cxb5 {The gambit can be refuted only by accepting
it.} (11. b3 Bf5 (11... Bg4 12. h3 b4 13. hxg4 bxc3 14. Ne4 Nxe4 15. Bxe4 Nb7
16. Kg2 Qd7 17. f3 a5 18. a4 Rfb8 19. Rh1 Qe8 20. Rh3 Nd8 21. Be3 Rb4 22. Rb1
Rab8 23. Bf2 $14 {Morris,C-Wong Meng Leong/Thessaloniki olm/1984/}) (11... Nd7
$2 12. Bb2 Rb8 13. Rab1 bxc4 14. bxc4 Ne5 15. Nd1 Bd7 16. f4 Ng4 17. Bxg7 Rxb1
18. Bxf8 Rxd1 19. Rxd1 {1-0, Bukal,V-Cucancic,S/Zadar/1995/}) ({The simplest is
} 11... Rb8 {-10...Rb8.}) 12. e4 Bd7 13. Bb2 Rb8 14. cxb5 axb5 15. h3 Qc8 16.
Kh2 b4 17. Nd1 Bb5 18. Nc4 Bxc4 19. bxc4 b3 20. axb3 Nxb3 21. Rb1 Nd4 22. Bxd4
cxd4 23. Rxb8 Qxb8 24. c5 dxc5 25. Qxc5 h5 $36 {Bernal,E-Wong,M/Thessaloniki
olm/1984/}) 11... axb5 12. Nxb5 Bb7 (12... Ba6 13. Nc3 Qc7 $142 $5 (13... Nc4
14. Nxc4 Bxc4 15. Bd2 Qc7 16. b3 Ba6 17. Rfe1 Rfb8 18. Rab1 Ra7 19. Nd1 Rba8
20. Ne3 h5 21. Bc3 Bb7 22. a4 Ba6 23. h3 Rb8 24. Red1 Rab7 25. Bf1 Ra7 26. Nc4
Bxc4 27. bxc4 Nd7 28. Be1 $1 $16 {[%csl Ga4][%cal Ga4a5] o^a,Reichenbach,
W-Kunsztowicz,U/FRG-ch Menden/1974/}) (13... Ne8 14. Re1 Nc7 15. b3 (15. Rb1
$142 $5 Nb5 16. Nxb5 Bxb5 17. b3 $14) 15... Nb5 16. Bb2 Nd4 17. Qc1 Rc8 18. e3
Bd3 19. Bf1 Bxf1 20. Rxf1 Qd7 21. Qb1 Nb5 22. Nxb5 Qxb5 23. Bxg7 Kxg7 24. Rc1
h5 25. h4 Rb8 26. Qe4 Rb7 27. Nc4 Ra8 28. Rab1 Nxc4 29. bxc4 Qd7 $14 {
Vulicevic,B-Antic,D/Becici/1994/}) (13... Nd7 14. Re1 Qb6 (14... Ne5 15. Rb1
Rb8 16. h3 Qc7 17. Kh2 Rfc8 18. f4 Nec4 19. Nf3 Qb6 20. e4 Bd4 21. b3 Qb4 22.
bxc4 Qxc3 23. Qxc3 Bxc3 24. Rxb8 Rxb8 25. Re3 Bb4 26. a3 Nxc4 27. Rb3 Na5 28.
Rb2 Nc4 29. Rb1 $16 {Wyss,T-Liardet,F/Baden/1997/}) (14... Qc7 15. b3 Rfb8 16.
Rb1 Qa7 17. Nd1 Ne5 18. Nf3 Qb6 19. Nxe5 Bxe5 20. Ne3 Bc8 21. Bd2 Qa7 22. Be4
Bg7 23. h4 Nb7 24. a4 Na5 25. Bd3 Qd7 26. Bb5 Qh3 27. Qe4 Be5 28. Qg2 Qxg2+ 29.
Kxg2 Bb7 30. f3 $16 {Kelly,B-Mork,K/Hampstead IM-B/1999/}) 15. Rb1 Rfb8 (15...
c4 16. Nf3 Nb7 17. Be3 Qc7 18. Bd4 Ne5 19. Red1 Nxf3+ 20. Bxf3 Nc5 21. Bxg7
Kxg7 22. h4 f6 23. Kg2 Bc8 24. Rd4 $16 {Klee,M-Chandler,P/OLO 9899/1999/}) 16.
b3 Qb4 17. Nce4 Bc8 18. a3 Qb5 19. b4 cxb4 20. axb4 Nb7 21. Nc4 Qa4 22. Qxa4
Rxa4 23. Bd2 Nd8 24. Na5 $16 {Mastrokoukos,G-Scetinin,A/Cappelle la Grande/
1995/}) (13... Qb6 {-12...Qb6}) 14. b3 Rab8 15. Rb1 Rb7 16. Re1 Rfb8 17. Ba3
Nd7 18. Nde4 Ra7 19. Na4 Nf6 20. Nxf6+ Bxf6 21. Bb2 Bxb2 22. Rxb2 Rab7 23. Reb1
Qd8 24. Nc3 Qf8 25. Nd1 Qg7 $14 {/<=>,Averbakh,Y-Gligoric,S/JUG-URS Belgrade/
1956/}) (12... Qb6 13. Nc3 Ba6 14. Rb1 (14. b3 c4 15. Na4 Qb5 16. bxc4 Nxc4 17.
Rb1 Qa5 18. Nxc4 Bxc4 19. Qxc4 Rfc8 20. Qd3 Qxa4 21. Rb7 Nd7 22. Qb3 Nc5 23.
Qxa4 Rxa4 24. Rxe7 Kf8 25. Re3 Rxa2 26. Bf3 Rca8 27. Rd1 R8a4 $17 {[%cal Rg7d4]
/\Bd4,Nunez,A-Fuentes,M/Havana/1999/}) 14... Rfb8 15. b3 Qa7 (15... Ra7 16. Bb2
Rab7 17. Ba1 Qc7 18. a3 Bh6 19. f4 Ng4 20. Nce4 Bg7 21. Bxg7 Kxg7 22. Qc3+ Kg8
23. Bf3 Nh6 24. Rfc1 Rc8 25. g4 $40 {Tibensky,R-Duriga,S/Trnava-B/1985/}) 16.
h3 Rb7 17. Re1 Rab8 18. a3 Ne8 19. Na2 Rc7 20. Nc3 (20. Bb2 $5) 20... Rcb7 21.
Na2 Rc7 22. Nc3 Rcb7 23. Na2 {1/2,Anhalt,H-Dausch,R/Bundesliga 8384/1984/}) 13.
Nc3 Ra6 14. Rd1 Qa8 15. Nf1 $5 ({Playable and possibly even more accurate is} 
15. e4 $5 Rb6 16. Rb1 e6 17. b3 Rb4 18. a3 Rd4 19. Nb5 (19. b4 $1 {/\} cxb4 20.
Nb5 $18) 19... exd5 20. Nxd4 cxd4 21. b4 Nc6 22. Bb2 Rc8 23. Qb3 dxe4 24. Nxe4
(24. Nc4 $1 $16 {Dautov}) 24... Nxe4 25. Bxe4 Ne5 26. Bxb7 Qxb7 27. Rd3 Qe4 28.
Rbd1 d5 $1 $44 {Marin,M-Nisipeanu,L/Bucharest/1995/}) 15... Rb6 $146 (15... Nd7
16. Rb1 Rb6 (16... Nc4 $2 17. Nb5 $18) 17. b3 Rb4 18. Ba3 Rc8 19. Ne4 Rd4 20.
Ne3 Nb6 21. Nc3 Rxd1+ 22. Rxd1 c4 23. b4 Nb3 24. Bb2 Nd4 25. Qd2 e5 26. dxe6
fxe6 27. Bh3 e5 28. a4 $5 $16 {Horvath,J-Bologan,V/JUG-chT Igalo/1994/}) (15...
Nc4 $142 $5 16. b3 (16. Nb5 $2 Rxa2 17. Nc7 Qa5 $36) 16... Na3 17. Bxa3 Rxa3
18. Ne3 Ba6 $14) 16. Rb1 Rb8 (16... e6 17. Ne3 $16) (16... Nc4 17. Na4 (17. Ne3
Nxe3 18. Bxe3 e6 $132) 17... Rb4 18. b3 Nb6 19. a3 Rb5 20. Nc3 $16) 17. Ne3 Rb4
(17... c4 18. Bd2 {/\Na4+/-}) 18. Bd2 Nc4 19. Nxc4 Rxc4 20. b3 Rb4 21. a4 $16
c4 {The only realistic attempt to get <=>, but now White consolidates his
advantage.} (21... Ba6 $2 22. Nb5) (21... Rb6 22. e4 $16) 22. bxc4 Rxc4 23. Qb3
Rcc8 24. Be1 (24. Qa2 $5) 24... e6 (24... Bxd5 $5 25. Nxd5 (25. Bxd5 Rxb3 26.
Bxa8 Rxb1 27. Rxb1 Rxa8 $11) 25... Rxb3 26. Nxe7+ Kf8 27. Bxa8 Rxb1 28. Rxb1
Rxa8 29. Nc6 Rxa4 30. Rb8+ Ne8 31. Bb4 Ra1+ 32. Kg2 Rd1 33. e4 f6 34. Kf3 $16 {
was a better chance, although Black is very passive the material is equal and
limited to one flank.}) 25. Qa2 exd5 (25... Nxd5 26. Nxd5 Bxd5 27. Bxd5 exd5
28. a5 $18 {[%csl Ga5,Rd5,Rd6] o^a,ק}) 26. a5 h5 27. Na4 Qa7 28. Nb6 Re8 (
28... Rc5 29. Bb4 Rb5 30. Bxd6 Rxa5 31. Bxb8 $18) 29. Bc3 Ng4 (29... Ne4 30.
Bxg7 Kxg7 31. Qb2+ Kh6 (31... Kh7 32. Bxe4 dxe4 33. Nd7 $18) 32. Qc1+ Kg7 33.
Bxe4 dxe4 34. Nd7 Rbd8 35. Qc7 $18) 30. Bxg7 Kxg7 31. h3 Nf6 32. e3 {White
doesn't look for an immediate tactical solution and quietly improves his
position.} Re5 33. Rdc1 Ba6 {Now Black loses a pawn without changing the
course of the game, but} (33... Ba8 34. Qa3 Rd8 35. a6 $18 {doesn't help much.}
) 34. Nxd5 Rxb1 35. Rxb1 Qc5 36. Nxf6 Kxf6 37. Qb2 g5 (37... Ke7 38. Qb8 {/\}
Qxa5 39. Rb6 Kf6 40. Qxd6+ Re6 41. Qd8+ Kg7 42. Qd4+ Kh7 43. Rxe6 fxe6 44. Qa7+
Kg8 45. Bf1 $18) 38. Rc1 Qb5 39. Qxb5 Rxb5 (39... Bxb5 40. Ra1 Ba6 41. Bf1 $18)
40. Ra1 Rc5 41. Bf1 Rc6 42. Bxa6 Rxa6 43. Kf1 $18 {With Black's R passive the
_|_ is trivial. White just centralizes his K and penetrates on one of the
flanks due to Zugzwang.} Ke5 44. Ke2 f5 45. f4+ gxf4 (45... Kf6 46. Kd3 $18)
46. gxf4+ Kd5 47. Kd3 h4 48. Ra3 $22 Kc5 49. Kc3 Kd5 (49... Kb5 50. Kd4 Kb4 51.
Ra1 $18) (49... d5 50. Ra1 $22 $18) 50. Kb4 Ra8 51. a6 Ke4 (51... Kc6 52. a7
Kb7 53. Kc4 $18) 52. Kb5 d5 53. Kb6 d4 54. exd4 Kxf4 (54... Kxd4 55. a7 Ke4 56.
Ra4+ Kf3 57. Kb7 Rxa7+ 58. Kxa7 Kg3 59. Kb6 Kxh3 60. Kc5 Kg3 61. Kd5 h3 62. Ke5
$18) 55. a7 Ke4 56. Kb7 Rxa7+ 57. Rxa7 f4 (57... Kxd4 58. Ra4+ {/\Rh4}) 58. Kc6
(58. Kc6 Kxd4 59. Rh7 f3 60. Rxh4+ Ke3 61. Rh8 $18) 1-0